00679 2200253 4500001002100000005001500021035002000036245007800056100002500134250000600159300003000165700001800195260004600213082000800259084001400267020002200281600002000303990001700323990001700340990001700357990001700374990001700391990001700408INLIS00000000000162320231110012402 a0010-11230000111 aAku Siap Bertanggung Jawab /cFebriani Melianawati; Editor, Puput Catur A0 aFebriani Melianawati a- a56 hlm :bilus. ;c25 cm.0 aPuput Catur A aSidoarjo :bMasmedia Buana Pustaka,c2019 a813 a813 FEB a a978-602-232-046-3 4aFiksi Indonesia a05056/P/2023 a05057/P/2023 a05157/P/2023 a05056/P/2023 a05156/P/2023 a05157/P/2023